Análisis de los indicadores económicos (Registro nro. 57772)

Detalles MARC
000 -ENCABEZADO
Número de control [NR] 00773nam a2200241Ia 4500
008 - DE LONGITUD FIJA DE DATOS DE ELEMENTOS - INFORMACIÓN GENERAL
Elementos de longitud fija [NR] 130821s2008 ag gr spa
020 ## - NUMERO INTERNACIONAL NORMALIZADO PARA LIBROS [R]
Número Internacional Normalizado del libro [NR] 9871456192
040 ## - FUENTE DE CATALOGACION [NR]
Agencia de catalogación original [NR] Co-BoUCM
Idioma de catalogación [NR] spa
041 00 - CODIGO DE IDIOMA [R]
Código de idioma para texto/pista de sonido o título separado [R] Español
245 00 - MENCION DE TITULO [NR]
Título [NR] Análisis de los indicadores económicos
Mención de responsabilidad, etc. [NR] The Economist
260 ## - PUBLICACION, DISTRIBUCION, ETC. (PIE DE IMPRENTA) [R]
Lugar de publicación, distribución, etc. [R] Buenos Aires (Argentina)
Nombre del editor, distribuidor, etc. [R] Cuatro Media
Fecha de publicación, distribución, etc. [R] 2008
300 ## - DESCRIPCION FISICA [R]
Extensión [R] 242 páginas
490 ## - MENCION DE SERIE [R]
Mención de serie [R] Colección Finanzas y Negocios
504 ## - NOTA DE BIBLIOGRAFIA, ETC. [R]
Nota de bibliografía, etc. [NR]
650 04 - ASIENTO SECUNDARIO DE MATERIA - TERMINO TEMATICO [R]
Término temático o nombre geográfico como elemento de entrada [NR] Economía
9 (RLIN) 174
650 04 - ASIENTO SECUNDARIO DE MATERIA - TERMINO TEMATICO [R]
Término temático o nombre geográfico como elemento de entrada [NR] Economía
Subdivisión de forma [R] Estadísticas
9 (RLIN) 174
650 04 - ASIENTO SECUNDARIO DE MATERIA - TERMINO TEMATICO [R]
Término temático o nombre geográfico como elemento de entrada [NR] Indicadores económicos
9 (RLIN) 17308
650 04 - ASIENTO SECUNDARIO DE MATERIA - TERMINO TEMATICO [R]
Término temático o nombre geográfico como elemento de entrada [NR] Planificación económica
9 (RLIN) 21657
710 1# - ASIENTO SECUNDARIO - NOMBRE CORPORATIVO [R]
Nombre corporativo o de jurisdicción como elemento de entrada [NR] The Economist
9 (RLIN) 64056
765 ## - ASIENTO DE IDIOMA ORIGINAL [R]
Asiento principal [NR] Economic Indicators
942 ## - ELEMENTOS DE ENTRADA AGREGADOS (KOHA)
Tipo de ítem principal el descrito en 300a Libro
Tema principal Economía
Edición 1
Parte restante de la signatura top. A532
Sistema de clasificación DEWEY
Clasificación 330.9
Existencias
Fecha de último préstamo Total préstamos Total Renewals Signatura topográfica Código de barras Última vez visto Ejemplar Price effective from Tipo de ítem Perdido Sistema de clasificación Dañado No prestable Tipo de ítem específico Suprimido Ubicación habitual Ubicación actual Localización Fecha de creación Forma de adquisición Costo
13/05/2022 5 1 330.9 A532 100094004 03/12/2025 Ej.1 03/02/2013 Libro   DEWEY     Libro   Claustro Claustro Mezanine 19/02/2013 Compra 12786.00